Представление документа в формате RUSMARC

ПолеНазваниеЗначение
  Тип записи a
  Библиографический уровень a
001 Контрольный номер RU/CBS_UL/BASE/9c70b1ea9491430fad1a3793e575586c
005 Дата корректировки 20241102112125.7
100 Данные общей обработки __
a Данные общей обработки 20230805 ||| 0rusy0189 ca
101 Язык документа 0_
a Язык текста rus
102 Страна публикации __
a Страна публикации RU
200 Заглавие и сведения об ответственности 1_
a Заглавие Поэт Давид Самойлов: Прежде думалось: буду ли я жить? Теперь - как я буду жить?!
e Сведения, относящиеся к заглавию [9 мая 1945 г. в дневниках и воспоминаниях современников]
f Первые сведения об ответственности П. Базанов
300 Общие примечания __
a Общие примечания 16+
461 Уровень набора _0
1 2000
a Родина
463 Уровень физической единицы _0
1 2000
a № 5
v С. 12-15 : фот.
1 2101
d 2023
1 001RU/CBS_UL/BASE/56f62d80dca541309c75a91766a95ded
606 Тематические рубрики 0_
a Основная рубрика Третий период Великой Отечественной войны - 1944-1945
610 Ключевые слова 0_
a Ключевые слова войны
610 Ключевые слова 0_
a Ключевые слова война Великая Отечественная
610 Ключевые слова 0_
a Ключевые слова Великая Отечественная война
610 Ключевые слова 0_
a Ключевые слова ВОВ
610 Ключевые слова 0_
a Ключевые слова День Победы
610 Ключевые слова 0_
a Ключевые слова 9 мая 1945 года
610 Ключевые слова 0_
a Ключевые слова воспоминания
610 Ключевые слова 0_
a Ключевые слова воспоминания очевидцев
610 Ключевые слова 0_
a Ключевые слова дневники людей
610 Ключевые слова 0_
a Ключевые слова мемуаристика
610 Ключевые слова 0_
a Ключевые слова повседневная жизнь
610 Ключевые слова 0_
a Ключевые слова человек второго плана в истории
686 Индексы других классификаций __
2 Код системы rubbk
a Классификационный индекс 63.3(2)622.13
700 Автор _1
a Фамилия Базанов
b Имя (инициалы) П.
801 Источник записи _0
a Страна RU
b Организация МБУК ЦБС г. Ульяновска
c Дата составления 20230805
g Правила каталогизации RCR
801 Источник записи _1
a Страна RU
b Организация МБУК ЦБС г. Ульяновска
c Дата составления 20230805
g Правила каталогизации RCR
901 Тип документа __
t Тип документа b
w Контрольный № источника RU/CBS_UL/BASE/56f62d80dca541309c75a91766a95ded